Kraje torów F1 (2025) - Statystyki

Ogólne statystyki
  • Ten quiz został rozwiązany 50 razy
  • Średni wynik to 17 z 24
Statystyki odpowiedzi
Obrazkowy Odpowiedź % Poprawnych
Japonia
92%
Monako
86%
Australia
84%
Arabia Saudyjska
81%
Bahrajn
81%
Włochy
81%
Chiny
76%
Azerbejdżan
73%
Hiszpania
70%
Belgia
68%
Katar
68%
Singapur
68%
Stany Zjednoczone
68%
Wielka Brytania
68%
Włochy
68%
Zjednoczone Emiraty Arabskie
68%
Austria
65%
Brazylia
65%
Holandia
65%
Stany Zjednoczone
65%
Kanada
62%
Meksyk
62%
Stany Zjednoczone
62%
Węgry
62%
Nie znaleziono quizów pasujących do podanych kryteriów
Rozkład punktacji
Procent ludzi z każdym wynikiem
Percentyl według liczby udzielonych odpowiedzi
Twoja historia wyników
Nie rozwiązałeś tego quizu